Mathematical methods for physics and engineering : (Record no. 7436)

MARC details
000 -LEADER
fixed length control field 01495nam a2200193 4500
020 ## - INTERNATIONAL STANDARD BOOK NUMBER
ISBN 0521555299
020 ## - INTERNATIONAL STANDARD BOOK NUMBER
ISBN 9780521555296
050 ## - CALL NUMBER
Classification number QA401
Item number .R537
100 ## - AUTHOR
Personal name Riley, K F
245 ## - TITLE
Title Mathematical methods for physics and engineering :
Remainder of title a comprehensive guide
Statement of responsibility, etc K F Riley; M P Hobson; S J Bence
260 ## - PUBLICATION INFORMATION
Place of publication Cambridge ; New York :
Name of publisher Cambridge University Press,
Year of publication ©1998.
300 ## - DESCRIPTION
Number of Pages xix, 1008 pages :
Other physical details illustrations ;
Dimensions 25 cm
500 ## - NOTES
General note Includes index.
505 ## - FORMATTED CONTENTS NOTE
Table of Content 1. Preliminary calculus --<br/>2. Complex numbers and hyperbolic functions --<br/>3. Series and limits --<br/>4. Partial differentiation --<br/>5. Multiple integrals --<br/>6. Vector algebra --<br/>7. Matrices and vector spaces --<br/>8. Vector calculus --<br/>9. Line, surface and volume integrals --<br/>10. Fourier series --<br/>11. Integral transforms --<br/>12. First-order ordinary differential equations --<br/>13. Higher-order ordinary differential equations --<br/>14. Series solutions of ordinary differential equations --<br/>15. Eigenfunction methods for differential equations --<br/>16. Partial differential equations: general and particular solutions --<br/>17. Partial differential equations: separation of variables and other methods --<br/>18. Complex variables --<br/>19. Tensors --<br/>20. Calculus of variations --<br/>21. Integral equations --<br/>22. Group theory --<br/>23. Representation theory --<br/>24. Probability --<br/>25. Numerical methods.
650 ## - SUBJECTS
Topical Term Mathematical analysis.
700 ## - OTHER AUTHORS
Personal name Hobson, M P
710 ## - OTHER AUTHORS
OTHER AUTHORS Bence, S J
942 ## - ADDED ENTRY ELEMENTS (KOHA)
Koha item type Books
Holdings
Withdrawn status Lost status Collection code Home library Current library Shelving location Date acquired Full call number Accession Number Koha item type
    Reference Methodist University Library Main Methodist University Library Main General Stacks 14/10/2000 QA401 .R537 14551 Books
Copyright © 2026  MUG Library